_Y en el fuego, la noche y la montaña estaba Dios / (Record no. 176977)
[ view plain ]
| 000 -LEADER | |
|---|---|
| campo de control de longitud fija | 00801nam a2200217 i 4500 |
| 001 - NÚMERO DE CONTROL | |
| campo de control | 176977 |
| 003 - IDENTIFICADOR DE NÚMERO DE CONTROL | |
| campo de control | ES-MaACL |
| 005 - FECHA Y HORA DE LA ÚLTIMA TRANSACCIÓN | |
| campo de control | 20250828022616.0 |
| 008 - DATOS DE LONGITUD FIJA--INFORMACIÓN GENERAL | |
| campo de control de longitud fija | 110222s1968 sp o ||||0| spa d |
| 080 ## - NÚMERO DE LA CLASIFICACIÓN DECIMAL UNIVERSAL | |
| Número de la Clasificación Decimal Universal | 27-47-053.6 |
| 100 1# - ENTRADA PRINCIPAL--NOMBRE DE PERSONA | |
| Nombre de persona | Maluquer Trepat, Salvador. |
| 9 (RLIN) | 145315 |
| 245 11 - MENCIÓN DEL TÍTULO | |
| Título | _Y en el fuego, la noche y la montaña estaba Dios / |
| Mención de responsabilidad, etc. | Salvador Maluquer Trepat, Juan José Fernández Sanz. |
| 260 ## - PUBLICACIÓN, DISTRIBUCIÓN, ETC. | |
| Lugar de publicación, distribución, etc. | Salamanca : |
| Nombre del editor, distribuidor, etc. | Sígueme, |
| Fecha de publicación, distribución, etc. | 1968. |
| 300 ## - DESCRIPCIÓN FÍSICA | |
| Extensión | 5 partes guardadas en carpeta : |
| Otras características físicas | 2 fot. bl. y n. ; |
| Dimensiones | 22 cm + |
| Material acompañante/anejo | 1 libreto de partituras. |
| 490 1# - MENCIÓN DE SERIE | |
| Mención de serie | Fe y vida ; |
| Designación de volumen o secuencia | 3 |
| 650 07 - PUNTO DE ACCESO ADICIONAL DE MATERIA--TÉRMINO DE MATERIA | |
| Término de materia o nombre geográfico como elemento de entrada | Educación cristiana de jóvenes |
| Fuente del encabezamiento o término | embne |
| 9 (RLIN) | 12091 |
| 700 0# - ENTRADA AGREGADA--NOMBRE PERSONAL | |
| Nombre de persona | Fernández Sanz, Juan José. |
| 9 (RLIN) | 50081 |
| 830 0# - PUNTO DE ACCESO ADICIONAL DE SERIE-TÍTULO UNIFORME | |
| Título uniforme | Fe y vida ; |
| Designación de volumen o secuencia | 3 |
| 9 (RLIN) | 190316 |
| 852 ## - LOCALIZACIÓN | |
| Ubicación | ES-MaACL |
| Número de control de estantería | E-14398 |
| Encuadernación | Olim P-1340 |
| Estatus retirado | Estado de pérdida | Estado de daño | No para préstamo | Biblioteca de origen | Biblioteca actual | Ubicación en estantería | Fecha de adquisición | Fuente de adquisición | Total de préstamos | Signatura topográfica completa | Código de barras | Visto por última vez | Precio de reemplazo | Tipo de ítem Koha |
|---|---|---|---|---|---|---|---|---|---|---|---|---|---|---|
| Biblioteca del Ateneo de Madrid | Biblioteca del Ateneo de Madrid | Depósito 2 | 22/02/2011 | E-14398 | 1185878 | 23/02/2023 | 23/02/2023 | Libro impreso |
